[Event "Jiraskuv memorial B"]
[Site "Rakovnik"]
[Date "????.??.??"]
[Round "1"]
[White "Hajek, Jiri"]
[Black "Holy, Filip"]
[Result "1/2-1/2"]
[WhiteElo "1825"]
[BlackElo "1609"]
[Annotator "Lev,Pavel"]
[PlyCount "99"]
[EventDate "2012.08.??"]
[EventType "swiss"]
[EventRounds "9"]
[EventCountry "CZE"]
[TimeControl "40/7200:20/3600:1800"]

{245MB, Fritz8.ctg  Holländische Verteidigung   Défense hollandaise  Defensa
Holandesa  Hollandse Verdediging} 1. e4 c6 2. d4 d5 3. exd5 cxd5 4. Bd3 Nf6 5.
Nf3 Bg4 6. c3 Nc6 7. Bf4 Rc8 8. Nbd2 Qb6 9. Qb1 e6 10. O-O Be7 11. Re1 Bh5 12.
Ne5 Nxe5 13. Bxe5 Bg6 14. Bxg6 hxg6 15. h3 Bd6 16. Bxf6 gxf6 17. Re2 Bb8 18.
Nf3 Qd6 19. Qd3 Kf8 20. b3 Rh5 21. Kf1 e5 22. Ng1 e4 23. Qd2 Qc6 24. c4 dxc4
25. Qb4+ Bd6 26. Qxc4 Qxc4 27. bxc4 Rxc4 28. Rxe4 f5 29. Re2 Rxd4 30. Nf3 Re4
31. Rd2 Bb4 32. Rd7 Re7 33. Rad1 b6 34. Rd8+ Re8 35. R8d7 Re7 36. Rxe7 Kxe7 37.
Nd4 a5 38. Nc6+ Ke6 39. Nxb4 axb4 40. Rd4 Rh8 41. Rxb4 Re8 42. Ke2 Kd5+ 43. Kd3
Ra8 44. a4 Kc5 45. Rc4+ Kd5 46. Kc3 Ra7 47. Rb4 Rc7+ 48. Kb3 Rc1 49. Kb2 Rc6
50. Kb3 1/2-1/2

[Event "Jiraskuv memorial B"]
[Site "Rakovnik"]
[Date "????.??.??"]
[Round "1"]
[White "Hejda, Vaclav"]
[Black "Mitosinka, Boris"]
[Result "1/2-1/2"]
[WhiteElo "1820"]
[BlackElo "1563"]
[Annotator "Lev,Pavel"]
[PlyCount "86"]
[EventDate "2012.08.??"]
[EventType "swiss"]
[EventRounds "9"]
[EventCountry "CZE"]
[TimeControl "40/7200:20/3600:1800"]

{245MB, Fritz8.ctg  Holländische Verteidigung   Défense hollandaise  Defensa
Holandesa  Hollandse Verdediging} 1. e4 e6 2. d4 d5 3. exd5 exd5 4. Nc3 c6 5.
Nf3 Bd6 6. Be2 Ne7 7. O-O O-O 8. Be3 Re8 9. Qd2 Nd7 10. a3 Nf8 11. Rfe1 Bf5 12.
Bd3 Bxd3 13. Qxd3 Qc7 14. Re2 Neg6 15. g3 Re7 16. Rae1 Rae8 17. Kg2 h6 18. Ng1
Nh7 19. Nh3 Nf6 20. Bc1 Rxe2 21. Rxe2 Rxe2 22. Nxe2 Qe7 23. Bf4 Bxf4 24. Nhxf4
Nxf4+ 25. Nxf4 Qe4+ 26. f3 Qxd3 27. Nxd3 Nd7 28. Kf2 f6 29. Ke3 Kf7 30. Nc5
Nxc5 31. dxc5 Ke6 32. Kd4 Kf5 33. a4 g5 34. b4 h5 35. b5 h4 36. a5 a6 37. bxa6
bxa6 38. c3 h3 39. Ke3 Ke5 40. Kd3 Kf5 41. Kd4 Ke6 42. Kd3 Kf5 43. Kd4 Ke6
1/2-1/2

[Event "Jiraskuv memorial B"]
[Site "Rakovnik"]
[Date "????.??.??"]
[Round "1"]
[White "Zika, Vaclav"]
[Black "Pribylova, Sofie"]
[Result "1-0"]
[WhiteElo "1749"]
[BlackElo "1374"]
[Annotator "Lev,Pavel"]
[PlyCount "97"]
[EventDate "2012.08.??"]
[EventType "swiss"]
[EventRounds "9"]
[EventCountry "CZE"]
[TimeControl "40/7200:20/3600:1800"]

{245MB, Fritz8.ctg  Holländische Verteidigung   Défense hollandaise  Defensa
Holandesa  Hollandse Verdediging} 1. d4 Nf6 2. c4 g6 3. Nc3 d5 4. Nf3 Bg7 5. e3
O-O 6. Qb3 Nbd7 7. cxd5 Nb6 8. Bd3 Nfxd5 9. Bd2 Nxc3 10. bxc3 c5 11. Be2 Be6
12. Qd1 Nc4 13. O-O Nxd2 14. Qxd2 cxd4 15. cxd4 Rc8 16. Rfc1 Bf5 17. h3 h5 18.
Qb2 Be4 19. Nd2 Bc6 20. Bf3 Bxf3 21. Nxf3 b6 22. Rxc8 Qxc8 23. Rc1 Qb7 24. Qc2
e6 25. Qc7 Qa6 26. Qd7 Qxa2 27. Rc7 a6 28. Rb7 b5 29. Ra7 Qb1+ 30. Kh2 b4 31.
Rxa6 b3 32. Rb6 Qc2 33. Qb7 Qxf2 34. Rxb3 Bh6 35. Qe4 Rc8 36. Ne5 Rc1 37. Qf3
Qg1+ 38. Kg3 h4+ 39. Kxh4 Qe1+ 40. g3 Rc7 41. Ng4 Bf8 42. Nf6+ Kh8 43. Rb8 g5+
44. Kxg5 Qa5+ 45. Kh4 Qa3 46. Qh5+ Kg7 47. Ne8+ Kg8 48. Nxc7 Qe7+ 49. Qg5+ 1-0

[Event "Jiraskuv memorial B"]
[Site "Rakovnik"]
[Date "????.??.??"]
[Round "1"]
[White "Zacek, Petr"]
[Black "Srkal, Miroslav"]
[Result "1-0"]
[WhiteElo "1568"]
[BlackElo "1822"]
[Annotator "Lev,Pavel"]
[PlyCount "48"]
[EventDate "2012.08.??"]
[EventType "swiss"]
[EventRounds "9"]
[EventCountry "CZE"]
[TimeControl "40/7200:20/3600:1800"]

{245MB, Fritz8.ctg  Holländische Verteidigung   Défense hollandaise  Defensa
Holandesa  Hollandse Verdediging} 1. e4 {0} c5 2. Nf3 Nc6 3. Bb5 d6 4. O-O e5
5. c3 a6 6. Bxc6+ bxc6 7. d4 Bg4 8. dxe5 Bxf3 9. Qxf3 dxe5 10. Nd2 $11 Ne7 11.
Nc4 Ng6 12. Be3 Qf6 13. Qxf6 gxf6 14. Rad1 Rd8 15. Rd2 Rxd2 16. Nxd2 Kd7 17.
Rd1 Kc7 18. Nb3 Kb6 19. Rd7 Kb5 20. Rxf7 Be7 21. Nd2 a5 22. b3 a4 23. g3 h5 24.
Rg7 Nf4 1-0

[Event "Jiraskuv memorial B"]
[Site "Rakovnik"]
[Date "????.??.??"]
[Round "1"]
[White "Verner, Jaromir"]
[Black "Bauer, Ondrej"]
[Result "0-1"]
[WhiteElo "1368"]
[BlackElo "1745"]
[Annotator "Lev,Pavel"]
[PlyCount "64"]
[EventDate "2012.08.??"]
[EventType "swiss"]
[EventRounds "9"]
[EventCountry "CZE"]
[TimeControl "40/7200:20/3600:1800"]

{245MB, Fritz8.ctg  Holländische Verteidigung   Défense hollandaise  Defensa
Holandesa  Hollandse Verdediging} 1. e4 e6 2. d4 d5 3. Nc3 Bb4 4. e5 c5 5. a3
Bxc3+ 6. bxc3 Qc7 7. Nf3 Ne7 8. dxc5 Qxc5 9. Qd4 Qxd4 10. cxd4 Nbc6 11. Bb5 O-O
12. Bxc6 Nxc6 13. Bd2 b6 14. O-O Ba6 15. Rfc1 Rfc8 16. c3 Na5 17. Rab1 Nc4 18.
Rb3 Na5 19. Rb4 Be2 20. Ne1 Nc4 21. Be3 Nxa3 22. f3 Nb5 23. c4 Rxc4 24. Rcxc4
Bxc4 25. Bg5 Nxd4 26. Be7 Nc6 27. Bd6 Nxb4 28. Bxb4 a5 29. Ba3 b5 30. Bd6 b4
31. Nc2 b3 32. Na3 b2 0-1

[Event "Jiraskuv memorial B"]
[Site "Rakovnik"]
[Date "????.??.??"]
[Round "1"]
[White "Truksa, Martin"]
[Black "Abraham, Karel"]
[Result "0-1"]
[WhiteElo "1432"]
[BlackElo "1791"]
[Annotator "Lev,Pavel"]
[PlyCount "78"]
[EventDate "2012.08.??"]
[EventType "swiss"]
[EventRounds "9"]
[EventCountry "CZE"]
[TimeControl "40/7200:20/3600:1800"]

{245MB, Fritz8.ctg  Holländische Verteidigung   Défense hollandaise  Defensa
Holandesa  Hollandse Verdediging} 1. Nf3 Nf6 2. g3 g6 3. Bg2 Bg7 4. O-O d5 5.
d3 c5 6. Nbd2 O-O 7. b3 Ne4 8. Rb1 Nc3 9. Qe1 Nxb1 10. Nxb1 Nc6 11. a3 Bf5 12.
e4 dxe4 13. dxe4 Bg4 14. Nbd2 Qd7 15. Nc4 Bxf3 16. Bxf3 Nd4 17. Qd1 Nxf3+ 18.
Qxf3 Rad8 19. Be3 b5 20. Na5 Qc7 21. b4 cxb4 22. axb4 Qc3 23. Rc1 Rd2 24. Nb3
Rxc2 25. Rxc2 Qxc2 26. Bxa7 Rd8 27. Nc5 Rd1+ 28. Kg2 Bd4 29. Qf4 e5 30. Qg4
Qxf2+ 31. Kh3 Rh1 32. Qc8+ Kg7 33. Ne6+ fxe6 34. Qd7+ Qf7 35. Qxf7+ Kxf7 36.
Bb8 Rb1 37. Bd6 Bc3 38. Kg4 Rxb4 39. Bxb4 Bxb4 0-1

[Event "Jiraskuv memorial B"]
[Site "Rakovnik"]
[Date "2012.08.04"]
[Round "1"]
[White "Pribyl, Viktor"]
[Black "Ruzicka, Vaclav"]
[Result "0-1"]
[WhiteElo "1303"]
[BlackElo "1698"]
[Annotator "Lev,Pavel"]
[PlyCount "74"]
[EventDate "2012.08.??"]
[EventType "swiss"]
[EventRounds "9"]
[EventCountry "CZE"]

1. d4 f5 2. c4 Nf6 3. Nc3 g6 4. Nf3 Bg7 5. g3 O-O 6. Bg2 c6 7. O-O d6 8. Qc2 h6
9. Rd1 Qc7 10. b3 e5 11. e3 e4 12. Nd2 Be6 13. Bb2 Nbd7 14. Rac1 Bf7 15. f3
exf3 16. Bxf3 Rfe8 17. Re1 Nh7 18. Bg2 Ndf6 19. Nf3 Rac8 20. Qd3 Qe7 21. Rc2 a6
22. Kh1 Ne4 23. a3 Nhf6 24. a4 Ng4 25. Kg1 d5 26. Rce2 Qc7 27. c5 Bf8 28. b4
Be7 29. a5 h5 30. Na4 h4 31. gxh4 Bxh4 32. Rf1 Nxh2 33. Nxh4 Nxf1 34. Bxf1 Qg3+
35. Ng2 Kg7 36. Rc2 Rh8 37. Qxe4 fxe4 0-1

[Event "Jiraskuv memorial B"]
[Site "Rakovnik"]
[Date "2012.08.04"]
[Round "1"]
[White "Hajsman, Martin"]
[Black "Folbr, Martin"]
[Result "1/2-1/2"]
[WhiteElo "1718"]
[BlackElo "1352"]
[Annotator "Lev,Pavel"]
[PlyCount "110"]
[EventDate "2012.08.??"]
[EventType "swiss"]
[EventRounds "9"]
[EventCountry "CZE"]

1. c4 e6 2. Nc3 Nf6 3. e4 Bc5 4. d4 Bb4 5. Bd3 d5 6. cxd5 exd5 7. e5 Ne4 8. Qc2
Nc6 9. Nge2 Qh4 10. O-O Bxc3 11. bxc3 h6 12. Bxe4 dxe4 13. Ng3 Ne7 14. Qxe4
Qxe4 15. Nxe4 b6 16. Ba3 Nd5 17. Rfe1 Bf5 18. c4 Nf4 19. Rad1 O-O-O 20. g3 Ng6
21. f4 Rhe8 22. d5 Bg4 23. Rc1 Kb7 24. d6 cxd6 25. Nxd6+ Rxd6 26. exd6 Rxe1+
27. Rxe1 Kc6 28. Re8 h5 29. Rg8 h4 30. Rxg7 hxg3 31. hxg3 Be6 32. f5 Bxf5 33.
Rxf7 Bd7 34. Rxd7 Kxd7 35. g4 Ne5 36. g5 Ke6 37. Kg2 Kf5 38. Bb2 Nd7 39. Kf3
Kxg5 40. Ke4 Kg6 41. Kd5 Kf7 42. Ba3 Nb8 43. c5 bxc5 44. Bxc5 a5 45. a4 Nd7 46.
Kc6 Ke8 47. Ba3 Ne5+ 48. Kb5 Kd7 49. Kxa5 Nc4+ 50. Kb5 Nxa3+ 51. Kc5 Nc4 52.
Kxc4 Kxd6 53. Kb5 Kc7 54. Ka6 Kb8 55. Kb6 Ka8 1/2-1/2

[Event "Jiraskuv memorial B"]
[Site "Rakovnik"]
[Date "2012.08.05"]
[Round "2"]
[White "Srkal, Miroslav"]
[Black "Verner, Jaromir"]
[Result "1-0"]
[WhiteElo "1822"]
[BlackElo "1368"]
[Annotator "Lev,Pavel"]
[PlyCount "97"]
[EventDate "2012.08.??"]
[EventType "swiss"]
[EventRounds "9"]
[EventCountry "CZE"]

1. d4 f5 2. c4 Nf6 3. Nf3 d6 4. g3 g6 5. Bg2 Bg7 6. O-O O-O 7. Nc3 c6 8. Qc2
Re8 9. Rd1 Nbd7 10. Rb1 Nb6 11. b3 a5 12. a4 Be6 13. Ng5 Qd7 14. h3 h6 15. Nxe6
Qxe6 16. Be3 Qc8 17. Qd2 Kh7 18. Rbc1 e6 19. d5 c5 20. dxe6 Rxe6 21. Nd5 Nbxd5
22. Bxd5 Re7 23. Bf3 Ra6 24. Qd3 Ne4 25. Kg2 Qf8 26. Rc2 Be5 27. Bc1 Qf6 28.
Bxe4 fxe4 29. Qd5 g5 30. Qxe4+ Kg7 31. Qf3 Qg6 32. Rd3 Rf7 33. Qd5 Bd4 34. f3
Rb6 35. Rcd2 Rf5 36. Qe4 Be5 37. Rd1 Qf7 38. Bd2 Ra6 39. Rh1 Ra8 40. h4 Re8 41.
hxg5 Bf4 42. Bc3+ Kg6 43. Rxh6+ Kxg5 44. gxf4+ Kxh6 45. Rxd6+ Kh5 46. Be5 Rexe5
47. fxe5 Qg7+ 48. Kf2 Rxe5 49. Rd5 1-0

[Event "Jiraskuv memorial B"]
[Site "Rakovnik"]
[Date "2012.08.05"]
[Round "2"]
[White "Bauer, Ondrej"]
[Black "Kadlec, Daniel"]
[Result "1/2-1/2"]
[WhiteElo "1745"]
[BlackElo "1651"]
[Annotator "Lev,Pavel"]
[PlyCount "56"]
[EventDate "2012.08.??"]
[EventType "swiss"]
[EventRounds "9"]
[EventCountry "CZE"]

1. d4 Nf6 2. c4 g6 3. Nc3 Bg7 4. e4 d6 5. f3 O-O 6. Bd3 Nbd7 7. Be3 e5 8. d5 b6
9. b4 a5 10. a3 Bb7 11. Nge2 Qe7 12. O-O Rfc8 13. Qb3 Rcb8 14. Rfb1 Bf8 15. Qc2
Ne8 16. Ra2 c5 17. bxc5 dxc5 18. Rab2 Ba6 19. Bd2 Nd6 20. Nd1 Rb7 21. Ne3 Rab8
22. Nc3 Qd8 23. Qd1 Bg7 24. Nb5 Bxb5 25. cxb5 Qe7 26. Nc4 Nxc4 27. Bxc4 Qd6 28.
Qe1 Ra7 1/2-1/2

[Event "Jiraskuv memorial B"]
[Site "Rakovnik"]
[Date "2012.08.05"]
[Round "2"]
[White "Masek, Jaroslav"]
[Black "Zika, Vaclav"]
[Result "0-1"]
[WhiteElo "1670"]
[BlackElo "1749"]
[Annotator "Lev,Pavel"]
[PlyCount "112"]
[EventDate "2012.08.??"]
[EventType "swiss"]
[EventRounds "9"]
[EventCountry "CZE"]

1. e4 e6 2. Nf3 d5 3. Nc3 c6 4. d3 d4 5. Ne2 Bb4+ 6. Bd2 Bxd2+ 7. Qxd2 c5 8. g3
Nc6 9. Bg2 Qa5 10. Qxa5 Nxa5 11. b4 cxb4 12. Nexd4 Bd7 13. Rb1 Rc8 14. Rxb4 b6
15. Ne5 Ne7 16. Nxd7 Kxd7 17. Kd2 Nac6 18. Nxc6 Nxc6 19. Rb2 Rhd8 20. f4 Ke7
21. e5 Na5 22. Ke2 Rc7 23. Be4 g6 24. c4 Rd4 25. Rd1 Rcd7 26. Rdd2 Nxc4 27.
dxc4 Rxe4+ 28. Kf3 Rxd2 29. Rxd2 Rxc4 30. Ke3 Rc5 31. Ke4 h5 32. Ke3 b5 33. Rb2
Kd7 34. a4 a6 35. Rd2+ Rd5 36. Ra2 b4 37. a5 Kc6 38. h3 Rc5 39. Kd4 Kb5 40. g4
Rc4+ 41. Kd3 Rc3+ 42. Ke4 Rxh3 43. gxh5 gxh5 44. Kd4 b3 45. Rh2 Kb4 46. f5 Ka3
47. Rg2 b2 48. Rg1 Ka2 49. Rg2 Ka1 50. fxe6 fxe6 51. Rg1+ b1=Q 52. Rxb1+ Kxb1
53. Kc5 Rb3 54. Kd6 Rb5 55. Kxe6 Rxa5 56. Kf6 Rxe5 0-1

[Event "Jiraskuv memorial B"]
[Site "Rakovnik"]
[Date "2012.08.05"]
[Round "2"]
[White "Pribylova, Sofie"]
[Black "Pribyl, Viktor"]
[Result "1/2-1/2"]
[WhiteElo "1374"]
[BlackElo "1303"]
[Annotator "Lev,Pavel"]
[PlyCount "42"]
[EventDate "2012.08.??"]
[EventType "swiss"]
[EventRounds "9"]
[EventCountry "CZE"]

1. d4 Nf6 2. c4 g6 3. Nc3 d5 4. cxd5 Nxd5 5. e4 Nxc3 6. bxc3 Bg7 7. Nf3 Bg4 8.
Bc4 O-O 9. O-O e6 10. Ba3 Re8 11. h3 Bxf3 12. Qxf3 Qd7 13. Bd3 Nc6 14. Rab1 b6
15. Bb5 a6 16. Bd3 b5 17. e5 Na5 18. Be4 Rab8 19. Bb4 Nc4 20. Rfd1 a5 21. Bc5
Rec8 1/2-1/2

[Event "Jiraskuv memorial B"]
[Site "Rakovnik"]
[Date "2012.08.05"]
[Round "2"]
[White "Vankova, Veronika"]
[Black "Misicko, Jan"]
[Result "0-1"]
[WhiteElo "1254"]
[BlackElo "1545"]
[Annotator "Lev,Pavel"]
[PlyCount "136"]
[EventDate "2012.08.??"]
[EventType "swiss"]
[EventRounds "9"]
[EventCountry "CZE"]

1. e4 b6 2. Nc3 Bb7 3. Nf3 d6 4. Bb5+ Nd7 5. d3 e5 6. Be3 Be7 7. O-O Ngf6 8. h3
O-O 9. Nh2 a6 10. Bc4 b5 11. Bb3 Rc8 12. Ne2 c5 13. c3 c4 14. dxc4 bxc4 15. Bc2
Nxe4 16. b3 cxb3 17. axb3 Nxc3 18. Qd3 Nxe2+ 19. Kh1 f5 20. Qxe2 Bg5 21. Rac1
f4 22. Qd3 e4 23. Qxd6 fxe3 24. Qe6+ Kh8 25. Bxe4 Rxc1 26. Rxc1 Bxe4 27. Qxe4
exf2 28. Rf1 Qe8 29. Qxe8 Rxe8 30. Rxf2 Bh4 31. Rf7 Nf6 32. Nf3 Bg3 33. Kg1 Rb8
34. Ng5 h6 35. Ne6 Rxb3 36. Kf1 Rb1+ 37. Ke2 Re1+ 38. Kf3 Rxe6 39. Kxg3 Ne4+
40. Kg4 Rf6 41. Re7 Nc3 42. Kg3 Kh7 43. Rc7 Nb5 44. Rb7 Rf8 45. Rb6 Ra8 46. Rc6
a5 47. Rc1 a4 48. Ra1 Nc3 49. Ra3 Nb5 50. Ra1 a3 51. Ra2 Nc3 52. Ra1 a2 53. Kf3
Rb8 54. Ke3 Rb1 55. Rxb1 axb1=Q 56. Kd2 Ne4+ 57. Ke3 Ng5 58. Kd4 Qe4+ 59. Kc5
Qd3 60. Kb4 Qc2 61. Kb5 Kg6 62. Kb4 Kf5 63. Kb5 Ke4 64. Kb6 Kd5 65. Kb7 Kd6 66.
Kb8 Qc7+ 67. Ka8 Kc6 68. g4 Qb7# 0-1

[Event "Jiraskuv memorial B"]
[Site "Rakovnik"]
[Date "2012.08.05"]
[Round "2"]
[White "Ruzicka, Vaclav"]
[Black "Zacek, Petr"]
[Result "1-0"]
[WhiteElo "1698"]
[BlackElo "1568"]
[Annotator "Lev,Pavel"]
[PlyCount "69"]
[EventDate "2012.08.??"]
[EventType "swiss"]
[EventRounds "9"]
[EventCountry "CZE"]

1. e4 d5 2. exd5 Nf6 3. c4 c6 4. Nc3 cxd5 5. cxd5 Nxd5 6. Bb5+ Nc6 7. Qa4 Ndb4
8. Qxb4 e6 9. Bxc6+ bxc6 10. Qe4 Be7 11. Qxc6+ Bd7 12. Qe4 O-O 13. Nf3 f5 14.
Qe2 Re8 15. O-O a6 16. Re1 Qb6 17. d4 Bf6 18. Be3 Rab8 19. Rab1 Qd6 20. Qd2 h6
21. Bf4 e5 22. Bxe5 Bxe5 23. Nxe5 Rb4 24. Nxd7 Qxd7 25. Rxe8+ Qxe8 26. Nd5 Qe4
27. Nc3 Qxd4 28. Qxd4 Rxd4 29. Rd1 Rb4 30. b3 Kf7 31. Rd6 a5 32. Rd5 a4 33.
Nxa4 Re4 34. Kf1 Ke6 35. Rd2 1-0

[Event "Jiraskuv memorial B"]
[Site "Rakovnik"]
[Date "2012.08.05"]
[Round "2"]
[White "Abraham, Karel"]
[Black "Koblic, Miroslav"]
[Result "1/2-1/2"]
[WhiteElo "1791"]
[BlackElo "1683"]
[Annotator "Lev,Pavel"]
[PlyCount "112"]
[EventDate "2012.08.??"]
[EventType "swiss"]
[EventRounds "9"]
[EventCountry "CZE"]

1. e4 c6 2. d4 d5 3. e5 Bf5 4. Nc3 e6 5. g4 Bg6 6. Nge2 Bb4 7. Bd2 Nd7 8. f4
Qh4+ 9. Ng3 f6 10. Bg2 Nh6 11. f5 exf5 12. Bxh6 Qxh6 13. O-O Qe3+ 14. Kh1 Bxc3
15. bxc3 Qxc3 16. gxf5 O-O-O 17. fxg6 hxg6 18. Rf3 Qa5 19. e6 Nb6 20. Ne2 Rde8
21. Nf4 g5 22. Nd3 Nc4 23. Nc5 Qc7 24. Rh3 g4 25. Qe2 f5 26. Rxh8 Rxh8 27. Bf1
Ne3 28. Nd3 f4 29. Ne5 g3 30. h3 Qb6 31. Ng6 Re8 32. c3 Qa5 33. Rc1 Qa3 34. Qd2
Rxe6 35. Nxf4 Re4 36. Ng2 Qe7 37. Bd3 Re6 38. Nxe3 Rxe3 39. Bf5+ Kd8 40. Bg4
Qe4+ 41. Kg1 Kc7 42. Rf1 b5 43. Bf5 Qe8 44. Qc1 Kb6 45. a4 a6 46. axb5 axb5 47.
Bg4 Qe4 48. Bf5 Qe7 49. Bg4 Rd3 50. Re1 Qf6 51. Rf1 Qe7 52. Qf4 Qe8 53. Bh5 Qd7
54. Bg4 Qe8 55. Bh5 Qc8 56. Bg4 Qe8 1/2-1/2

[Event "Jiraskuv memorial B"]
[Site "Rakovnik"]
[Date "2012.08.05"]
[Round "2"]
[White "Folbr, Martin"]
[Black "Hejda, Vaclav"]
[Result "0-1"]
[WhiteElo "1352"]
[BlackElo "1820"]
[Annotator "Lev,Pavel"]
[PlyCount "142"]
[EventDate "2012.08.??"]
[EventType "swiss"]
[EventRounds "9"]
[EventCountry "CZE"]

1. e4 e5 2. Nf3 Nc6 3. Bb5 a6 4. Bxc6 dxc6 5. Nxe5 Qd4 6. Ng4 Qxe4+ 7. Ne3 Nf6
8. Nc3 Qg6 9. Qf3 Bd6 10. d4 O-O 11. Bd2 Re8 12. O-O-O Ng4 13. Rde1 Nxe3 14.
Rxe3 Bg4 15. Rxe8+ Rxe8 16. Qd3 Bf5 17. Qc4 Qxg2 18. Re1 Rxe1+ 19. Bxe1 Bf4+
20. Kb1 Be6 21. Qe2 Bxh2 22. Ne4 Bd6 23. Nc5 Bxc5 24. dxc5 Qd5 25. b3 Qxc5 26.
Qd3 Qd5 27. Qe3 h5 28. Bc3 Bf5 29. Qg3 Qd1+ 30. Kb2 Qxc2+ 31. Ka3 g6 32. Qe5 f6
33. Qg3 Qd3 34. Qg2 Be4 35. Qg3 Qxg3 36. fxg3 Kf7 37. Kb4 b6 38. Kc4 Ke6 39.
Kd4 Kf5 40. Ke3 Bd5 41. Bb2 g5 42. Kf2 h4 43. gxh4 gxh4 44. Kg1 h3 45. Kh2 Bg2
46. Bc3 Ke6 47. Bd2 c5 48. Bf4 c6 49. Bc7 b5 50. Bb6 Kd5 51. Bd8 f5 52. Bc7 c4
53. bxc4+ Kxc4 54. Bd6 Kd4 55. Kg1 c5 56. Kf2 c4 57. Bf4 Kd3 58. Bc1 Kc2 59.
Bf4 Kb2 60. Ke3 Kxa2 61. Kd2 Kb3 62. Kc1 Be4 63. Kd1 c3 64. Ke2 Kb2 65. Be5 b4
66. Kf2 Kb1 67. Bf4 b3 68. Kg3 c2 69. Kxh3 b2 70. Kg3 c1=Q 71. Bxc1 bxc1=Q 0-1

[Event "Jiraskuv memorial B"]
[Site "Rakovnik"]
[Date "2012.08.05"]
[Round "2"]
[White "Holy, Filip"]
[Black "Hajsman, Martin"]
[Result "1-0"]
[WhiteElo "1609"]
[BlackElo "1718"]
[Annotator "Lev,Pavel"]
[PlyCount "99"]
[EventDate "2012.08.??"]
[EventType "swiss"]
[EventRounds "9"]
[EventCountry "CZE"]

1. e4 e6 2. d4 d5 3. e5 b6 4. c3 Qd7 5. Nf3 Ba6 6. Bd3 Bxd3 7. Qxd3 c5 8. O-O
Nc6 9. Be3 cxd4 10. cxd4 Rc8 11. Nc3 h5 12. Rac1 Nge7 13. Nh4 g6 14. Qd2 a6 15.
Qe2 b5 16. Rfe1 Ng8 17. Bg5 Be7 18. Nf3 Bxg5 19. Nxg5 Nh6 20. Qd2 Nf5 21. Ne2
Qe7 22. Nf3 O-O 23. Ng3 Nxg3 24. hxg3 Rc7 25. Qh6 f6 26. Qxg6+ Qg7 27. Qxg7+
Kxg7 28. exf6+ Kxf6 29. Rc5 Rfc8 30. Rec1 Ke7 31. Ne5 Kd6 32. Rxc6+ Rxc6 33.
Rxc6+ Rxc6 34. Nxc6 Kxc6 35. Kf1 Kd6 36. f4 Ke7 37. Ke2 Kf6 38. Kf3 Kf5 39. b4
Kf6 40. g4 hxg4+ 41. Kxg4 Kg6 42. Kf3 Kf5 43. g4+ Kf6 44. Kg3 Kg6 45. Kh4 Kh6
46. g5+ Kg6 47. Kg4 Kg7 48. Kh5 Kh7 49. g6+ Kg7 50. Kg5 1-0

[Event "Jiraskuv memorial B"]
[Site "Rakovnik"]
[Date "2012.08.05"]
[Round "2"]
[White "Mitosinka, Boris"]
[Black "Hajek, Jiri"]
[Result "1/2-1/2"]
[WhiteElo "1563"]
[BlackElo "1825"]
[Annotator "Lev,Pavel"]
[PlyCount "101"]
[EventDate "2012.08.??"]
[EventType "swiss"]
[EventRounds "9"]
[EventCountry "CZE"]

1. Nf3 d5 2. c4 Nf6 3. g3 c6 4. b3 Bf5 5. Bg2 Nbd7 6. Bb2 e6 7. O-O Bd6 8. d4
O-O 9. Nbd2 Re8 10. Nh4 Bg4 11. h3 Bh5 12. Re1 Rc8 13. c5 Bb8 14. Qc2 e5 15.
dxe5 Nxe5 16. Nhf3 Bg6 17. Qd1 Ned7 18. b4 Ne4 19. Nh4 Ne5 20. Nxg6 Nxg6 21.
Qc2 f5 22. Rad1 Qe7 23. e3 b6 24. Nxe4 fxe4 25. Bd4 bxc5 26. bxc5 Be5 27. Rb1
Qc7 28. Rb3 Rb8 29. Reb1 Rxb3 30. Rxb3 Rb8 31. Rxb8+ Qxb8 32. Qb3 Qxb3 33. axb3
Bxd4 34. exd4 Nf8 35. b4 Ne6 36. b5 cxb5 37. c6 b4 38. Bxe4 Nc7 39. Bc2 h6 40.
f4 Kf8 41. Kf2 Ke7 42. Ke3 Kd6 43. Ba4 Ne8 44. f5 Kc7 45. Kf4 Nd6 46. Ke5 Ne4
47. Bb3 Nc3 48. Ke6 Kxc6 49. Kf7 Ne2 50. g4 Nxd4 51. Kxg7 1/2-1/2

[Event "Jiraskuv memorial B"]
[Site "Rakovnik"]
[Date "2012.08.05"]
[Round "3"]
[White "Pribyl, Viktor"]
[Black "Folbr, Martin"]
[Result "0-1"]
[WhiteElo "1303"]
[BlackElo "1352"]
[Annotator "Lev,Pavel"]
[PlyCount "30"]
[EventDate "2012.08.??"]
[EventType "swiss"]
[EventRounds "9"]
[EventCountry "CZE"]

1. d4 d5 2. c4 e6 3. Nc3 Nf6 4. Bg5 Be7 5. e3 c5 6. Rc1 Nc6 7. Nf3 Ne4 8. Bf4
a6 9. Bd3 f5 10. O-O O-O 11. Qc2 Nb4 12. Be2 Nxc2 13. Rxc2 Bd6 14. Ng5 Nxg5 15.
Bxg5 Qxg5 0-1

[Event "Jiraskuv memorial B"]
[Site "Rakovnik"]
[Date "2012.08.05"]
[Round "3"]
[White "Zacek, Petr"]
[Black "Mitosinka, Boris"]
[Result "1/2-1/2"]
[WhiteElo "1568"]
[BlackElo "1563"]
[Annotator "Lev,Pavel"]
[PlyCount "32"]
[EventDate "2012.08.??"]
[EventType "swiss"]
[EventRounds "9"]
[EventCountry "CZE"]

1. e4 e6 2. d4 d5 3. e5 c5 4. c3 Qb6 5. Nf3 Nc6 6. Be2 cxd4 7. cxd4 Nge7 8. Na3
a6 9. O-O Nf5 10. Nc2 Be7 11. a3 O-O 12. b4 Bd7 13. Bb2 f6 14. Qd2 fxe5 15.
dxe5 Qd8 16. Nfe1 g5 1/2-1/2

[Event "Jiraskuv memorial B"]
[Site "Rakovnik"]
[Date "2012.08.05"]
[Round "3"]
[White "Truksa, Martin"]
[Black "Masek, Jaroslav"]
[Result "0-1"]
[WhiteElo "1432"]
[BlackElo "1670"]
[Annotator "Lev,Pavel"]
[PlyCount "96"]
[EventDate "2012.08.??"]
[EventType "swiss"]
[EventRounds "9"]
[EventCountry "CZE"]

1. Nf3 d5 2. g3 Nf6 3. Bg2 g6 4. O-O Bg7 5. d3 O-O 6. Nbd2 Nc6 7. a3 Bd7 8. Re1
e6 9. e4 dxe4 10. Nxe4 Nxe4 11. Rxe4 Ne7 12. Bg5 Bc6 13. Rb4 h6 14. Bf4 Nd5 15.
Rc4 Nxf4 16. Rxf4 Bxb2 17. Ra2 Bg7 18. Qe1 g5 19. Rb4 Qd5 20. c4 Qxd3 21. Ne5
Bxe5 22. Qxe5 Qd6 23. Qxd6 cxd6 24. Bxc6 bxc6 25. Rb7 Rfb8 26. Rab2 Rxb7 27.
Rxb7 d5 28. Rc7 d4 29. Rxc6 Rd8 30. Kf1 Kf8 31. Ke2 Ke7 32. Rc7+ Rd7 33. Rc5 f6
34. Kd3 e5 35. f3 h5 36. h3 Ke6 37. g4 hxg4 38. hxg4 Rb7 39. Ra5 Rb3+ 40. Kd2
Rxf3 41. Rxa7 e4 42. Ra6+ Ke5 43. Ra5+ Kf4 44. Rf5+ Kxg4 45. Rxf3 exf3 46. c5
f2 47. Ke2 Kg3 48. Kf1 d3 0-1

[Event "Jiraskuv memorial B"]
[Site "Rakovnik"]
[Date "2012.08.05"]
[Round "3"]
[White "Kadlec, Daniel"]
[Black "Abraham, Karel"]
[Result "1-0"]
[WhiteElo "1651"]
[BlackElo "1791"]
[Annotator "Lev,Pavel"]
[PlyCount "85"]
[EventDate "2012.08.??"]
[EventType "swiss"]
[EventRounds "9"]
[EventCountry "CZE"]

1. e4 e6 2. d4 d5 3. Nd2 Nf6 4. e5 Nfd7 5. Bd3 c5 6. c3 Nc6 7. Ne2 cxd4 8. cxd4
Qb6 9. Nf3 Bb4+ 10. Bd2 Bxd2+ 11. Qxd2 Qb4 12. O-O Qxd2 13. Nxd2 Nb4 14. Bb5 a6
15. Ba4 b5 16. Bb3 O-O 17. a3 Nd3 18. Rab1 Nb6 19. Bc2 Nc4 20. Nxc4 bxc4 21.
Bxd3 cxd3 22. Nf4 a5 23. Nxd3 Ba6 24. Rfd1 Bxd3 25. Rxd3 Rfc8 26. Rc3 Kf8 27.
Rbc1 Rcb8 28. b3 Ke8 29. Kf1 Kd8 30. Ke2 Ra7 31. Kd3 Rab7 32. Rb1 f6 33. f4 f5
34. Kc2 h6 35. h4 Kd7 36. Rc5 Ra8 37. h5 Ra6 38. Kb2 Rab6 39. Ka2 Ra6 40. Rbc1
Rab6 41. R1c3 Rb5 42. Rxb5 Rxb5 43. Rg3 1-0